000 00462nam a2200181Ia 4500
001 17946
005 20260306171554.0
008 260306s9999||||xx |||||||||||||| ||und||
041 _aESP
082 _a658.3
_bH24
100 _aHatum, Andrés
_eAUT
245 0 _aEl futuro del talento:
_bgestión del talento para sobrevivir la crisis
260 _c2011
300 _a227 páginas :
_c22 cm.
650 _aGEN
654 _aCAN
942 _cLIB
_dJUS
_fJUS
_2ddc
_n
999 _c17946
_d17946